Spider-Man Villains Quiz Stats

 Plays Quiz Updated Jun 25, 2019

Score 0/26 Timer 05:00
5 Plays Today
Debut Year & Issue Criminal % Correct
1964 #14Green Goblin
93.7%
1963 #4Sandman
81.3%
1963 #3Doctor Octopus
78.6%
1966 #41Rhino
56%
1963 #6Lizard
51.8%
1963 #2Vulture
48.6%
1964 #9Electro
45%
1967 #50Kingpin
44.8%
1964 #13Mysterio
44.7%
1967 #46Shocker
40.6%
1965 #20Scorpion
36.2%
1964 #15Kraven the Hunter
33.5%
1963 #1Chameleon
24.9%
Debut Year & Issue Criminal % Correct
1963 #2Tinkerer
18.5%
1965 #28Molten Man
16.5%
1964 #10Big Man
8.1%
1964 #8Living Brain
6.5%
1969 #73Silvermane
6.3%
1970 #81Kangaroo
6%
1965 #25Spencer Smythe / Spider-Slayers
5.4%
1965 #26Crime Master
5.2%
1966 #36Looter
4.5%
1972 #110Gibbon
4.2%
1969 #73Man Mountain Marko
4%
1966 #37Robot Master / Gaunt
3.3%
1970 #83Schemer
2.9%

You're not logged in!

Compare scores with friends on all Sporcle quizzes.
OR
Log In

Sporcle TV

Today on Sporcle TV


Watch our educational content, quiz creation guides, and fun videos on Sporcle TV.

Show Comments

Extras

Top Quizzes Today


Score Distribution

Your Account Isn't Verified!

In order to create a playlist on Sporcle, you need to verify the email address you used during registration. Go to your Sporcle Settings to finish the process.

Report this User

Report this user for behavior that violates our Community Guidelines.

Details: